000
00230nam a2200085Ia 4500
008
120527s9999 xx 000 0 und d
100
_a
OGHRE, E,Ayeni .R
245
_a
Vector Analysis with introduction to tensor Analysis
942
_c
BK
999
_c
25492
_d
25492